[Event "Borbeck 2- Osterfeld"]
[Site "?"]
[Date "2022.11.06"]
[Round "4.7"]
[White "Kyritsis, Christoph"]
[Black "Kalkhoff, Andreas"]
[Result "1/2-1/2"]
[WhiteElo "1631"]
[BlackElo "1988"]
[PlyCount "113"]
[SourceDate "2022.10.02"]

1. Nc3 d5 2. d4 Nf6 3. Nf3 Nbd7 4. Bf4 c6 5. e3 g6 6. Bd3 Bg7 7. h3 O-O 8. O-O
e6 9. Ne2 b5 10. c3 Bb7 11. Qc2 a6 12. a4 Qe7 13. axb5 axb5 14. b4 Nh5 15. Bh2
f5 16. Ra5 Rxa5 17. bxa5 Qa3 18. Ng5 e5 19. Ne6 Re8 20. Nxg7 Kxg7 21. Ng3 Nxg3
22. Bxg3 e4 23. Be2 Qxa5 24. Bd6 Ra8 25. Rb1 Nf8 26. Bd1 Ne6 27. Qb3 Bc8 28.
Bc2 Bd7 29. Rb2 Qa1+ 30. Rb1 Qa5 31. Bb4 Qa2 32. Qxa2 Rxa2 33. Bb3 Ra8 34. h4
Kf7 35. Kf1 Ke8 36. f3 exf3 37. gxf3 Kf7 38. Ke2 Ra7 39. Rb2 Kf6 40. f4 Be8 41.
Ra2 Rxa2+ 42. Bxa2 h6 43. Kf2 g5 44. fxg5+ hxg5 45. hxg5+ Kxg5 46. Kg3 Kf6 47.
Bd6 Ng5 48. Bb1 Ne4+ 49. Bxe4 dxe4 50. Kf4 Ke6 51. Bb4 Bd7 52. Kg3 Kd5 53. Kf2
Kc4 54. Ke2 Be8 55. Kd2 Bh5 56. Bd6 Kd5 57. Bb4 1/2-1/2

[Event "Borbeck 2- Osterfeld"]
[Site "?"]
[Date "2022.11.06"]
[Round "4.8"]
[White "Welz, Christian"]
[Black "Hessel, Malte"]
[Result "0-1"]
[WhiteElo "1531"]
[BlackElo "2001"]
[PlyCount "94"]
[SourceDate "2022.10.02"]

1. c4 e5 2. Nc3 Nf6 3. g3 Nc6 4. Bg2 Be7 5. e4 d6 6. Nge2 Be6 7. d3 Qd7 8. a3
O-O 9. b4 Bh3 10. O-O Nd8 11. f4 Bxg2 12. Kxg2 c6 13. f5 b6 14. d4 exd4 15.
Nxd4 Re8 16. Qf3 Nb7 17. Bf4 c5 18. Nb3 cxb4 19. axb4 a5 20. b5 Rac8 21. Rfd1
Rxc4 22. e5 Nh5 23. Bd2 Rec8 24. Nd5 Bd8 25. Qxh5 Qxb5 26. Qf3 dxe5 27. Ne3 e4
28. Qe2 Qxb3 29. Nxc4 Qxc4 30. Qxc4 Rxc4 31. Be3 Rc2+ 32. Kh3 Rc8 33. Rac1 Rxc1
34. Rxc1 Kf8 35. Rc8 Ke7 36. Rxd8 Kxd8 37. Bxb6+ Kd7 38. Kg4 a4 39. Kf4 Nd6 40.
Bd4 f6 41. g4 a3 42. h3 a2 43. Bc3 Kc6 44. Ke3 Kd5 45. Kd2 Kc4 46. Kc2 e3 47.
Kb2 a1=Q+ 0-1

[Event "Bochum 3- Werden 2"]
[Site "?"]
[Date "2022.11.06"]
[Round "4.1"]
[White "Zaschke, Benjamin"]
[Black "Birkemeyer, Jan"]
[Result "1-0"]
[WhiteElo "1974"]
[BlackElo "1892"]
[PlyCount "77"]
[SourceDate "2022.10.02"]

1. d4 d5 2. Nf3 Nf6 3. c4 e6 4. Nc3 a6 5. cxd5 exd5 6. Bg5 Be6 7. e3 Be7 8. Be2
O-O 9. O-O h6 10. Bh4 Ne4 11. Bxe7 Qxe7 12. Rc1 Nd7 13. Qb3 Ndf6 14. Rfd1 c6
15. Na4 Bf5 16. Ne5 Rfe8 17. Nc5 Nxc5 18. Rxc5 Ne4 19. Rcc1 Qh4 20. g3 Qe7 21.
a4 a5 22. Nf3 Bg4 23. Kg2 Ng5 24. Qc2 Bh3+ 25. Kg1 Ne4 26. Qb3 Bg4 27. Kg2 Qf6
28. Re1 Ra6 29. Qxb7 Bc8 30. Qc7 Qf5 31. Bxa6 Qh3+ 32. Kg1 Bxa6 33. Qxc6 Re6
34. Qxd5 Nd6 35. Qa8+ Ne8 36. Rc6 Bd3 37. Rxe6 Qxe6 38. Ne5 Bc2 39. e4 1-0

[Event "Bochum 3- Werden 2"]
[Site "?"]
[Date "2022.11.06"]
[Round "4.2"]
[White "Hofer, Stefan"]
[Black "Diesing, Christian"]
[Result "0-1"]
[WhiteElo "1767"]
[BlackElo "1912"]
[PlyCount "108"]
[SourceDate "2022.10.02"]

1. e4 e6 2. d4 d5 3. e5 c5 4. c3 Nc6 5. Nf3 Qb6 6. a3 a5 7. Bd3 Bd7 8. Bc2 Nh6
9. O-O cxd4 10. cxd4 Nf5 11. Bxf5 exf5 12. Nc3 Be6 13. Qa4 Be7 14. Qb5 Qxb5 15.
Nxb5 Kd7 16. Bg5 Bf8 17. h4 h6 18. Bd2 Be7 19. Rac1 Rhg8 20. h5 g5 21. Ne1 f4
22. Nd3 b6 23. f3 Rgc8 24. Nf2 f5 25. Rfe1 Nd8 26. Nd3 Rxc1 27. Rxc1 Rc8 28.
Rxc8 Kxc8 29. Bxf4 gxf4 30. Nxf4 Kd7 31. Nc3 Bg5 32. Nfxd5 Bxd5 33. Nxd5 Kc6
34. f4 Kxd5 35. fxg5 Kxd4 36. gxh6 Kxe5 37. h7 Nf7 38. Kf2 Kf4 39. a4 Kg5 40.
Kf3 Kxh5 41. Kf4 Kg6 42. g4 fxg4 43. Kxg4 Kxh7 44. Kf5 Nd6+ 45. Ke6 Nb7 46. Kd5
Nc5 47. b3 Nxb3 48. Kc6 Kg6 49. Kxb6 Kf5 50. Kb5 Ke4 51. Kc4 Nd4 52. Kc5 Kd3
53. Kb6 Nb3 54. Kb5 Kd4 0-1

[Event "Bochum 3- Werden 2"]
[Site "?"]
[Date "2022.11.06"]
[Round "4.3"]
[White "Bury, Tobias"]
[Black "Abdullayev, Elchin"]
[Result "1/2-1/2"]
[WhiteElo "1823"]
[BlackElo "1886"]
[PlyCount "47"]
[SourceDate "2022.10.02"]

1. d4 Nf6 2. Nf3 e6 3. g3 c5 4. Bg2 Nc6 5. c4 cxd4 6. Nxd4 Qa5+ 7. Nc3 a6 8.
O-O Nxd4 9. Qxd4 Bc5 10. Qd3 O-O 11. Bd2 Qc7 12. a3 Be7 13. Rac1 d6 14. Rfd1
Rd8 15. e4 Nd7 16. Qe2 Ne5 17. b3 Rb8 18. f4 Nd7 19. Be3 Bf6 20. Qd2 Nc5 21.
Qc2 b6 22. b4 Nd7 23. Qd3 Nf8 24. Ne2 1/2-1/2

[Event "Bochum 3- Werden 2"]
[Site "?"]
[Date "2022.11.06"]
[Round "4.4"]
[White "Candogan, Yavus"]
[Black "Blank, Stephan"]
[Result "1/2-1/2"]
[WhiteElo "1788"]
[BlackElo "1793"]
[PlyCount "36"]
[SourceDate "2022.10.02"]

1. d4 Nf6 2. Nf3 e6 3. Bg5 c5 4. e3 Qb6 5. b3 Nc6 6. c3 Be7 7. Bd3 cxd4 8. exd4
Nd5 9. Bxe7 Ncxe7 10. O-O Nf4 11. Bc2 Nfg6 12. Nbd2 f5 13. Re1 O-O 14. Rc1 Qd8
15. a4 Nc6 16. g3 Qf6 17. Ne5 Ncxe5 18. dxe5 Nxe5 1/2-1/2

[Event "Bochum 3- Werden 2"]
[Site "?"]
[Date "2022.11.06"]
[Round "4.5"]
[White "Brixius, Dirk"]
[Black "Czarnetzki, Lori"]
[Result "1-0"]
[WhiteElo "1787"]
[BlackElo "1767"]
[PlyCount "133"]
[SourceDate "2022.10.02"]

1. c4 Nf6 2. Nc3 g6 3. Nf3 Bg7 4. d4 O-O 5. Bg5 h6 6. Bh4 c5 7. e3 d6 8. Be2 g5
9. Bg3 Nh5 10. d5 f5 11. Qc2 Qa5 12. Nd2 Nxg3 13. hxg3 Na6 14. Nb3 Qd8 15. a3
Nc7 16. O-O-O Rb8 17. f4 g4 18. Bd3 a6 19. Rh5 Qe8 20. Rdh1 e6 21. Kd2 b5 22.
Na5 b4 23. axb4 cxb4 24. Nd1 exd5 25. Bxf5 Bxf5 26. Rxf5 Qe6 27. Rxf8+ Rxf8 28.
b3 Re8 29. Nc6 dxc4 30. Nxb4 cxb3 31. Qxc7 Rc8 32. Qb7 b2 33. Nd3 Qc4 34. N3xb2
Qc1+ 35. Ke1 Bc3+ 36. Kf1 Bxb2 37. Qd5+ Kg7 38. Kg1 Bf6 39. Kh2 Qc7 40. Nf2 Qd7
41. Qh5 Rc5 42. Qxg4+ Qxg4 43. Nxg4 Rh5+ 44. Kg1 Rxh1+ 45. Kxh1 a5 46. Nf2 a4
47. Nd3 a3 48. Nc1 d5 49. Kg1 h5 50. Kf2 Kg6 51. Kf3 Kf5 52. Na2 Bb2 53. Nb4
Bc3 54. Na2 Bd2 55. Ke2 Ba5 56. Kf3 Ke6 57. g4 hxg4+ 58. Kxg4 Bd8 59. Kf3 Be7
60. g4 Bd8 61. Ke2 Kd6 62. Kd3 Bf6 63. Nc3 Kc5 64. Na2 Bg7 65. g5 Kd6 66. e4
dxe4+ 67. Kxe4 1-0

[Event "Bochum 3- Werden 2"]
[Site "?"]
[Date "2022.11.06"]
[Round "4.6"]
[White "Lampe, Thomas"]
[Black "Biermann, Klaus"]
[Result "1-0"]
[WhiteElo "1901"]
[BlackElo "1785"]
[PlyCount "39"]
[SourceDate "2022.10.02"]

1. e4 c5 2. b4 cxb4 3. a3 e6 4. Nf3 Nc6 5. d4 d5 6. e5 bxa3 7. Bxa3 Nge7 8. Bd3
a6 9. O-O Ng6 10. Bxf8 Rxf8 11. Nc3 Rb8 12. Re1 b5 13. Qd2 Na5 14. Nxb5 Nb3 15.
cxb3 axb5 16. Ra7 Qb6 17. Rea1 Ne7 18. R1a5 Bd7 19. R5a6 Qd8 20. Rd6 1-0

[Event "Bochum 3- Werden 2"]
[Site "?"]
[Date "2022.11.06"]
[Round "4.7"]
[White "Rother, Josef"]
[Black "Hartenberg, Yannick"]
[Result "0-1"]
[WhiteElo "1915"]
[BlackElo "1659"]
[PlyCount "80"]
[SourceDate "2022.10.02"]

1. d4 d5 2. Bg5 Nf6 3. Bxf6 exf6 4. e3 Bd6 5. Bd3 Be6 6. Nd2 Nd7 7. f4 f5 8.
Ngf3 Nf6 9. O-O Ne4 10. c4 c6 11. cxd5 Bxd5 12. Qc2 Qe7 13. Rae1 O-O 14. a3
Rfe8 15. Ne5 f6 16. Nef3 Qf7 17. Bc4 Rad8 18. Bxd5 Qxd5 19. Nc4 Bc7 20. b4 Re7
21. Nb2 Nd6 22. Nd2 Rde8 23. Rf3 Nb5 24. Nb3 Nxa3 25. Qd3 Bd6 26. Nc5 Bxc5 27.
bxc5 Nb5 28. Nc4 Nxd4 29. exd4 Rxe1+ 30. Kf2 R8e2+ 31. Kg3 Qf7 32. Qxf5 Qxc4
33. Qc8+ Re8 34. Qxb7 Qf7 35. Qxc6 Qg6+ 36. Kh4 Rh1 37. Qd5+ Kh8 38. Rh3 f5 39.
Qf3 Rf1 40. Qh5 Rxf4+ 0-1

[Event "Bochum 3- Werden 2"]
[Site "?"]
[Date "2022.11.06"]
[Round "4.8"]
[White "Fresen, Hans- Juergen"]
[Black "Eggebrecht, Stefan"]
[Result "1/2-1/2"]
[WhiteElo "1814"]
[BlackElo "1737"]
[PlyCount "37"]
[SourceDate "2022.10.02"]

1. e4 c6 2. d4 d5 3. exd5 cxd5 4. c4 Nf6 5. Nc3 Nc6 6. cxd5 Nxd5 7. Nf3 e6 8.
Bd3 Bd6 9. O-O O-O 10. a3 Bd7 11. Nxd5 exd5 12. Qb3 Bc8 13. Bg5 Be7 14. Bxe7
Nxe7 15. Rfe1 Nc6 16. h3 Rb8 17. Rac1 Be6 18. Bb1 Qf6 19. Qd3 1/2-1/2

[Event "Werl- Sterkrade 2"]
[Site "?"]
[Date "2022.11.06"]
[Round "4.1"]
[White "Schelwokat, Peter"]
[Black "Schwarzkopf, Christian"]
[Result "1/2-1/2"]
[WhiteElo "1919"]
[BlackElo "2164"]
[PlyCount "44"]
[SourceDate "2022.10.02"]

1. d4 Nf6 2. Bf4 e6 3. e3 c5 4. c3 Be7 5. Nf3 b6 6. Nbd2 cxd4 7. exd4 O-O 8. h3
d6 9. Qc2 Ba6 10. Bxa6 Nxa6 11. O-O Qd7 12. Qd3 Nc7 13. a4 Rad8 14. Rfe1 Rfe8
15. Ne4 Ncd5 16. Bh2 h6 17. Nfd2 Nxe4 18. Nxe4 Bf8 19. Nd2 Nf6 20. Qb5 Nd5 21.
Nc4 Nc7 22. Qb3 Qc6 1/2-1/2

[Event "Werl- Sterkrade 2"]
[Site "?"]
[Date "2022.11.06"]
[Round "4.2"]
[White "Stolle, Dietmar"]
[Black "Kantor, Nikita"]
[Result "1-0"]
[WhiteElo "2021"]
[BlackElo "1842"]
[PlyCount "79"]
[SourceDate "2022.10.02"]

1. c4 e5 2. Nc3 Nf6 3. g3 Nc6 4. Bg2 Bb4 5. Nd5 O-O 6. a3 Be7 7. e3 Nxd5 8.
cxd5 Nb8 9. Ne2 d6 10. O-O h5 11. d4 Nd7 12. b4 Bf6 13. Bb2 Re8 14. Rc1 Nb6 15.
h3 Bd7 16. dxe5 dxe5 17. Nc3 g6 18. Ne4 Bg7 19. Nc5 Bc8 20. Qd2 c6 21. e4 Qd6
22. Rfd1 Rd8 23. Qe2 cxd5 24. exd5 Qb8 25. g4 hxg4 26. hxg4 Nd7 27. Ne4 Nf6 28.
Nxf6+ Bxf6 29. f4 Re8 30. g5 Bg7 31. Re1 b5 32. fxe5 Qb6+ 33. Qf2 Qd8 34. Qf4
Bb7 35. Rcd1 Rc8 36. Rf1 Qe7 37. d6 Qd7 38. Bxb7 Rc2 39. Bd5 Rxb2 40. Qxf7+ 1-0

[Event "Werl- Sterkrade 2"]
[Site "?"]
[Date "2022.11.06"]
[Round "4.3"]
[White "Labuda, Markus"]
[Black "Huegel, Guido"]
[Result "1/2-1/2"]
[WhiteElo "2105"]
[BlackElo "1761"]
[PlyCount "40"]
[SourceDate "2022.10.02"]

1. d4 Nf6 2. Bf4 e6 3. e3 d5 4. Nf3 Bd6 5. Bg3 Qe7 6. Nbd2 Nbd7 7. Ne5 c6 8. f4
Ne4 9. Bd3 f5 10. Qe2 Ndf6 11. Bh4 Qf8 12. O-O-O Bd7 13. h3 Bb4 14. Nxd7 Kxd7
15. Bxe4 Bxd2+ 16. Qxd2 Nxe4 17. Qd3 h6 18. Rhf1 Qb4 19. Be1 Qb5 20. Rg1 Rhg8
1/2-1/2

[Event "Werl- Sterkrade 2"]
[Site "?"]
[Date "2022.11.06"]
[Round "4.4"]
[White "Scheibe, Andreas"]
[Black "Altenburg, Frank"]
[Result "1/2-1/2"]
[WhiteElo "1790"]
[BlackElo "1843"]
[PlyCount "74"]
[SourceDate "2022.10.02"]

1. e4 c5 2. d3 Nc6 3. f4 d5 4. Be2 dxe4 5. dxe4 Qxd1+ 6. Bxd1 e5 7. Nc3 Bd6 8.
Nge2 Nf6 9. O-O Bd7 10. Ng3 Nd4 11. fxe5 Bxe5 12. Bf4 Nc6 13. Bxe5 Nxe5 14. Nf5
Bxf5 15. Rxf5 Nfd7 16. Nd5 O-O 17. Be2 f6 18. Rd1 Rad8 19. a4 Kf7 20. Rf2 Nb8
21. c3 Nbc6 22. Bf1 Rfe8 23. h3 Rd6 24. Rfd2 Red8 25. Kf2 Ne7 26. g4 h5 27. Kg3
h4+ 28. Kf2 g5 29. Ke3 Nxd5+ 30. Rxd5 Rxd5 31. Rxd5 Rxd5 32. exd5 b6 33. Ke4
Ke7 34. Kf5 Nf7 35. Be2 Nd6+ 36. Kg6 Ne4 37. Bd3 Nd6 1/2-1/2

[Event "Werl- Sterkrade 2"]
[Site "?"]
[Date "2022.11.06"]
[Round "4.5"]
[White "Matthies, Jochen"]
[Black "Krahn, Reinhard"]
[Result "1/2-1/2"]
[WhiteElo "1970"]
[BlackElo "1767"]
[PlyCount "42"]
[SourceDate "2022.10.02"]

1. d4 d5 2. Nf3 Nf6 3. e3 Bg4 4. Nbd2 e6 5. Bd3 Nbd7 6. O-O Be7 7. b3 O-O 8.
Bb2 c5 9. c4 cxd4 10. exd4 b6 11. h3 Bh5 12. Qc2 Bg6 13. Ne5 Bxd3 14. Qxd3 Rc8
15. Rac1 dxc4 16. Nexc4 Nd5 17. Qf3 Bg5 18. Ne3 Qf6 19. Nxd5 Qxf3 20. Ne7+ Bxe7
21. Nxf3 Nf6 1/2-1/2

[Event "Werl- Sterkrade 2"]
[Site "?"]
[Date "2022.11.06"]
[Round "4.6"]
[White "Hering, Christian"]
[Black "Bross, Horst"]
[Result "0-1"]
[WhiteElo "1601"]
[BlackElo "1801"]
[PlyCount "108"]
[SourceDate "2022.10.02"]

1. d4 d5 2. c4 c6 3. Nf3 Nf6 4. Bg5 Nbd7 5. Nbd2 g6 6. e3 Bg7 7. Bd3 O-O 8. O-O
Re8 9. Qb3 Qb6 10. Rfe1 Qxb3 11. Nxb3 e5 12. Nxe5 Nxe5 13. dxe5 Rxe5 14. Bxf6
Bxf6 15. cxd5 Rxd5 16. Bc4 Rd8 17. Rab1 Kf8 18. f3 Ke7 19. Rec1 b6 20. Rc2 c5
21. Nd2 Be6 22. Bxe6 Kxe6 23. Ne4 Be7 24. Kf2 f5 25. Nc3 Bf6 26. Re1 Bxc3 27.
Rxc3 Rd2+ 28. Re2 Rad8 29. Rc2 Rxc2 30. Rxc2 Ke5 31. Ke2 Rd6 32. Rd2 Rxd2+ 33.
Kxd2 b5 34. Kc3 Kd5 35. b3 g5 36. Kd3 h5 37. h3 g4 38. Kc3 gxf3 39. gxf3 h4 40.
Kd3 Ke5 41. Kc3 Kd5 42. Kd3 b4 43. e4+ fxe4+ 44. fxe4+ Ke5 45. Kc4 Kxe4 46.
Kxc5 Kf3 47. Kd4 Kg3 48. Ke3 a5 49. Ke2 Kxh3 50. Kf3 Kh2 51. Kf2 h3 52. Kf1 Kg3
53. Kg1 h2+ 54. Kh1 Kh3 0-1

[Event "Werl- Sterkrade 2"]
[Site "?"]
[Date "2022.11.06"]
[Round "4.7"]
[White "Schmidt, Michael"]
[Black "Stute, Benedikt"]
[Result "1/2-1/2"]
[WhiteElo "1679"]
[BlackElo "1523"]
[PlyCount "76"]
[SourceDate "2022.10.02"]

1. e4 c6 2. Nf3 d5 3. exd5 cxd5 4. Ne5 Nf6 5. d4 a6 6. Bd3 Nc6 7. c3 Nxe5 8.
dxe5 Ng8 9. O-O e6 10. Re1 Qb6 11. Qc2 g6 12. Be3 Qc7 13. Nd2 Bd7 14. a4 Bg7
15. Nf3 Ne7 16. Bg5 Nc6 17. Qe2 Na5 18. Nd4 Rc8 19. Bf6 Kf8 20. h4 Bxf6 21.
exf6 Qf4 22. Qe5 Qxe5 23. Rxe5 Nc6 24. Nxc6 Bxc6 25. f4 Ke8 26. Kf2 Kd7 27. g3
b5 28. axb5 Bxb5 29. Ke3 Rc6 30. Kd4 Bxd3 31. Kxd3 Rb8 32. Re2 Rcb6 33. Ra2 Kd6
34. Kd4 Ra8 35. Ra3 a5 36. Ra4 Rb3 37. Ra2 h5 38. Rc2 Ra7 1/2-1/2

[Event "Werl- Sterkrade 2"]
[Site "?"]
[Date "2022.11.06"]
[Round "4.8"]
[White "Siebert, Michael"]
[Black "Wachsmuth, Guenter"]
[Result "1/2-1/2"]
[WhiteElo "1473"]
[BlackElo "1655"]
[PlyCount "66"]
[SourceDate "2022.10.02"]

1. c4 f5 2. g3 Nf6 3. d3 e6 4. Bg2 d5 5. cxd5 exd5 6. Nf3 Be7 7. O-O O-O 8. Nc3
c6 9. e3 a5 10. a3 Nbd7 11. Bd2 Ng4 12. Ne2 Nge5 13. Bc3 Nxf3+ 14. Bxf3 Bf6 15.
Nd4 Ne5 16. Rb1 Nxf3+ 17. Qxf3 Qd7 18. Ne2 Qf7 19. Bxf6 Qxf6 20. d4 g5 21. Rbc1
Qg6 22. Kh1 Kh8 23. Rg1 h5 24. Qg2 a4 25. Rc3 b6 26. Rgc1 Rf6 27. b4 Ba6 28.
Ng1 Bb5 29. Nf3 g4 30. Ne5 Qe8 31. f4 Rd8 32. Qc2 Bc4 33. Kg2 b5 1/2-1/2

[Event "SV Datteln1-FSDortmund 1"]
[Site "?"]
[Date "2023.01.22"]
[Round "4.8"]
[White "Heiduk, Christopher"]
[Black "Rauschenbusch, Udo"]
[Result "1/2-1/2"]
[WhiteElo "1583"]
[BlackElo "1635"]
[PlyCount "118"]
[EventDate "2023.01.23"]
[SourceDate "2022.10.02"]

1. e4 b6 2. Bc4 Bb7 3. d3 e6 4. Nf3 Nf6 5. Bg5 Be7 6. O-O O-O 7. Nc3 d5 8. exd5
exd5 9. Bb3 Nbd7 10. Re1 Nc5 11. Nd4 Nxb3 12. Nxb3 c5 13. h3 Re8 14. Qd2 Qd7
15. a4 Rad8 16. a5 d4 17. Bxf6 dxc3 18. Bxc3 Qd5 19. f3 Bh4 20. Re4 Bg5 21. Qe1
Qd7 22. Rxe8+ Rxe8 23. Qg3 Be3+ 24. Kh1 Bd4 25. Bxd4 cxd4 26. Qf2 Rd8 27. Nd2
b5 28. Ne4 Qf5 29. Qh4 f6 30. b4 Bxe4 31. Qxe4 Qxe4 32. fxe4 Rc8 33. Rc1 Kf7
34. Kg1 Ke6 35. Kf2 h5 36. Ke2 a6 37. Kd2 Rc3 38. Rf1 g6 39. h4 Ra3 40. Rf4 Ra1
41. g4 hxg4 42. Rxg4 Rh1 43. Rxg6 Rh2+ 44. Kc1 Rxh4 45. Rg8 Rh1+ 46. Kb2 Ke5
47. Ra8 f5 48. exf5 Rh6 49. Rf8 Kf4 50. f6 Kf5 51. Kb3 Rxf6 52. Rxf6+ Kxf6 53.
c4 dxc3 54. Kxc3 Ke5 55. Kc2 Kd5 56. Kd2 Kd4 57. Kc2 Ke5 58. Kc3 Kd5 59. Kd2
Kd4 1/2-1/2

[Event "SV Datteln1-FSDortmund 1"]
[Site "?"]
[Date "2023.01.22"]
[Round "4.6"]
[White "Neumann, Alfred"]
[Black "Schulz-Runge, Michael"]
[Result "0-1"]
[WhiteElo "1655"]
[BlackElo "1807"]
[PlyCount "104"]
[EventDate "2023.01.23"]
[SourceDate "2022.10.02"]

1. e4 c5 2. Nf3 a6 3. g3 Nc6 4. Bg2 g6 5. d4 Bg7 6. c3 cxd4 7. cxd4 d5 8. exd5
Qxd5 9. Nc3 Qc4 10. Ne2 Nf6 11. O-O Bf5 12. Be3 Nd5 13. Qd2 Qd3 14. Bh6 Qxd2
15. Bxd2 O-O 16. a3 Rfd8 17. Nc3 Nb6 18. Be3 e6 19. Rfd1 Nc4 20. Na4 Bc2 21.
Bg5 Bxd1 22. Rxd1 f6 23. Bc1 N6a5 24. Nc5 Kf7 25. b4 Rac8 26. Re1 b6 27. Nxe6
Re8 28. d5 Nb3 29. Bh3 Nxc1 30. Rxc1 Nd2 31. Rxc8 Nxf3+ 32. Kg2 Rxc8 33. Kxf3
Rc3+ 34. Ke2 Rxa3 35. d6 Ra2+ 36. Ke1 Bf8 37. Nd8+ Ke8 38. Nb7 f5 39. Bg2 Kd7
40. Bd5 Ra1+ 41. Ke2 Bxd6 42. Nxd6 Kxd6 43. Bg8 Ke5 44. Bxh7 Kf6 45. Bg8 Rb1
46. Bc4 b5 47. Bd3 Rb2+ 48. Ke3 Rxb4 49. f4 a5 50. h3 a4 51. Kd2 a3 52. Kc3 a2
0-1

[Event "SV Datteln1-FSDortmund 1"]
[Site "?"]
[Date "2023.01.22"]
[Round "4.7"]
[White "Schläger, Reiner"]
[Black "Bialas, Jan-Philip"]
[Result "1-0"]
[WhiteElo "1593"]
[BlackElo "1675"]
[PlyCount "59"]
[EventDate "2023.01.23"]
[SourceDate "2022.10.02"]

1. e4 c5 2. Nf3 Nc6 3. d4 cxd4 4. Nxd4 g6 5. Nc3 Bg7 6. Be3 Nf6 7. f3 O-O 8.
Bc4 d6 9. Qd2 Bd7 10. Nde2 Rc8 11. Bb3 a6 12. Nd5 Nxd5 13. Bxd5 Na5 14. c3 Bc6
15. Bb3 Nxb3 16. axb3 d5 17. Nd4 Bxd4 18. Bxd4 dxe4 19. Qh6 f6 20. O-O-O Qe8
21. f4 Qf7 22. Rhg1 Rfd8 23. g4 Bb5 24. g5 Bd3 25. gxf6 Rxd4 26. f5 e3 27. fxg6
hxg6 28. Rxd3 Rh4 29. Rxg6+ Qxg6 30. Qxg6+ 1-0

[Event "SV Datteln1-FSDortmund 1"]
[Site "?"]
[Date "2023.01.22"]
[Round "4.3"]
[White "Schulz, Oliver"]
[Black "Becker, Peter"]
[Result "1-0"]
[WhiteElo "1922"]
[BlackElo "1804"]
[PlyCount "57"]
[EventDate "2023.01.23"]
[SourceDate "2022.10.02"]

1. d4 Nf6 2. c4 e6 3. Nf3 b6 4. g3 Bb7 5. Bg2 c5 6. O-O cxd4 7. Nxd4 Bxg2 8.
Kxg2 a6 9. Nc3 Bb4 10. Qb3 Bxc3 11. bxc3 d6 12. Ba3 Qc7 13. Rab1 Nbd7 14. f3
Ne5 15. Qa4+ Nfd7 16. Nb5 axb5 17. Qxa8+ Nb8 18. cxb5 O-O 19. Qe4 Nc4 20. Bc1
d5 21. Qd3 Nd7 22. Bf4 e5 23. Be3 Nf6 24. Bf2 e4 25. Qd4 Ra8 26. Rfd1 Ra4 27.
Rb4 Rxa2 28. Rxc4 exf3+ 29. exf3 1-0

[Event "SV Datteln1-FSDortmund 1"]
[Site "?"]
[Date "2023.01.22"]
[Round "4.1"]
[White "Hein, Erwin"]
[Black "Buchholz, Peter"]
[Result "1/2-1/2"]
[WhiteElo "1975"]
[BlackElo "2034"]
[PlyCount "85"]
[EventDate "2023.01.23"]
[SourceDate "2022.10.02"]

1. d4 g6 2. c4 Bg7 3. Nf3 d6 4. Nc3 Bg4 5. e3 c5 6. Be2 Nc6 7. O-O Nf6 8. d5
Nb8 9. e4 O-O 10. Bf4 Ne8 11. Qd2 Nd7 12. Bh6 a6 13. Bxg7 Kxg7 14. Ne1 Bxe2 15.
Qxe2 e5 16. dxe6 fxe6 17. Rd1 Qe7 18. Nd3 Nc7 19. a4 b6 20. f4 Rae8 21. Rde1
Nb8 22. Qg4 Nc6 23. f5 Nd4 24. Nf4 exf5 25. exf5 Qxe1 26. f6+ Rxf6 27. Nh5+ Kh8
28. Nxf6 Qe3+ 29. Kh1 Rf8 30. Qd1 Nf5 31. Nfd5 Nxd5 32. Nxd5 Qe5 33. b3 Kg7 34.
Re1 Qd4 35. Qe2 Rf7 36. g3 b5 37. Nf4 Qc3 38. axb5 axb5 39. Ne6+ Kg8 40. Qe4 h5
41. Qa8+ Kh7 42. Ng5+ Kg7 43. Ne6+ 1/2-1/2

[Event "SV Datteln1-FSDortmund 1"]
[Site "?"]
[Date "2023.01.22"]
[Round "4.5"]
[White "Grube, Jörg"]
[Black "Boxberg, Olaf"]
[Result "0-1"]
[WhiteElo "1825"]
[BlackElo "1765"]
[PlyCount "38"]
[EventDate "2023.01.23"]
[SourceDate "2022.10.02"]

1. d4 Nf6 2. c4 c5 3. d5 b5 4. Nf3 g6 5. Nc3 b4 6. Na4 d6 7. b3 Bg7 8. Bb2 Bd7
9. a3 Bxa4 10. bxa4 Qa5 11. axb4 Qxb4+ 12. Qd2 O-O 13. Qxb4 cxb4 14. a5 Nbd7
15. e3 Nc5 16. Be2 Nfe4 17. Bxg7 Kxg7 18. Nd4 Nc3 19. Nb5 Nb3 0-1

[Event "SV Datteln1-FSDortmund 1"]
[Site "?"]
[Date "2023.01.22"]
[Round "4.2"]
[White "Dechering, Dirk"]
[Black "Mewes, Karsten"]
[Result "0-1"]
[WhiteElo "1877"]
[BlackElo "1954"]
[PlyCount "64"]
[EventDate "2023.01.23"]
[SourceDate "2022.10.02"]

1. e4 e6 2. d4 d5 3. exd5 exd5 4. Nf3 Nc6 5. Bd3 Bd6 6. O-O Nge7 7. Re1 h6 8.
c3 O-O 9. Qc2 Be6 10. Nbd2 Qd7 11. Nf1 Bf5 12. Ng3 Bxd3 13. Qxd3 Bxg3 14. hxg3
Qf5 15. Qb5 Qc8 16. Bf4 a6 17. Qd3 Ng6 18. Ne5 Ncxe5 19. Bxe5 Re8 20. Re3 Nxe5
21. dxe5 Qe6 22. Rae1 Rad8 23. Qd4 b6 24. b4 Qc8 25. Qh4 c5 26. a3 d4 27. cxd4
Rxd4 28. Re4 Red8 29. Qh3 Rxe4 30. Rxe4 cxb4 31. axb4 Rd1+ 32. Kh2 Qc1 0-1

[Event "SV Datteln1-FSDortmund 1"]
[Site "?"]
[Date "2023.01.22"]
[Round "4.4"]
[White "Madalinski, Jaroslaw"]
[Black "Brendemühl, Bernd"]
[Result "1/2-1/2"]
[WhiteElo "1774"]
[BlackElo "1939"]
[PlyCount "85"]
[EventDate "2023.01.23"]
[SourceDate "2022.10.02"]

1. c4 g6 2. Nc3 Bg7 3. Nf3 c5 4. e3 Nf6 5. Be2 O-O 6. O-O Nc6 7. d4 cxd4 8.
Nxd4 d6 9. Bf3 Ne5 10. b3 Nxf3+ 11. Qxf3 Rb8 12. h3 Bd7 13. Bb2 a6 14. Qe2 Qa5
15. Rfd1 Rfc8 16. Qd2 Qg5 17. Kh1 Qh5 18. Qe2 Bg4 19. f3 Bd7 20. Qf2 Rc5 21.
Kh2 Qh6 22. Rh1 b5 23. cxb5 axb5 24. Rac1 e5 25. Nde2 d5 26. Rhd1 Be6 27. Kg1
Qg5 28. Kf1 Bf8 29. h4 Qh6 30. Nb1 Nd7 31. Rc3 b4 32. Rcd3 Rc2 33. R1d2 Rbc8
34. Rxc2 Rxc2 35. Rd2 Rxd2 36. Nxd2 d4 37. f4 dxe3 38. Qxe3 Qxh4 39. fxe5 Bh6
40. Nf3 Bxe3 41. Nxh4 Bd5 42. Nf3 g5 43. Ne1 1/2-1/2

[Event "Gerthe- Kupferdreh"]
[Site "?"]
[Date "2022.11.06"]
[Round "4.2"]
[White "Brueggestraß, Volker"]
[Black "Krimphoff, Ingo"]
[Result "1-0"]
[WhiteElo "2036"]
[BlackElo "2047"]
[PlyCount "57"]
[SourceDate "2022.10.02"]

1. e4 c6 2. d4 d5 3. exd5 cxd5 4. Bd3 Nc6 5. c3 Qc7 6. Ne2 Bg4 7. O-O e6 8. Qe1
Bxe2 9. Qxe2 Bd6 10. g3 Nf6 11. Nd2 O-O-O 12. f4 h5 13. Nf3 Kb8 14. Bd2 Rc8 15.
b4 g6 16. a4 Ne7 17. a5 Nf5 18. Ne5 Rh7 19. b5 Bxe5 20. fxe5 Nd7 21. Rfb1 Rhh8
22. Rb3 b6 23. Rba3 Qb7 24. Be1 bxa5 25. Rxa5 Nb6 26. Rxa7 Qxa7 27. Rxa7 Kxa7
28. Qa2+ Kb8 29. Qa6 1-0

[Event "Gerthe- Kupferdreh"]
[Site "?"]
[Date "2022.11.06"]
[Round "4.3"]
[White "Praemaßing, Rainer"]
[Black "Gottmann, Bernd"]
[Result "0-1"]
[WhiteElo "1850"]
[BlackElo "1902"]
[PlyCount "64"]
[SourceDate "2022.10.02"]

1. e4 g6 2. d4 Bg7 3. Nf3 d6 4. c3 Nf6 5. Bd3 O-O 6. Bg5 Nbd7 7. Nbd2 e5 8. Nc4
Re8 9. d5 h6 10. Bh4 Nc5 11. Qc2 g5 12. Bg3 Nxd5 13. Nfxe5 dxe5 14. exd5 e4 15.
Be2 Nd3+ 16. Kf1 Bf5 17. d6 c6 18. Rd1 Bg6 19. h4 b5 20. Ne3 Be5 21. Bxe5 Rxe5
22. Ng4 Re6 23. Nxh6+ Kg7 24. hxg5 Nxf2 25. Qd2 Nxh1 26. Qd4+ Kh7 27. Bg4 Qxg5
28. d7 Ng3+ 29. Kg1 Qxg4 30. Nxg4 Ne2+ 31. Kf2 Nxd4 32. Rxd4 Rd8 0-1

[Event "Gerthe- Kupferdreh"]
[Site "?"]
[Date "2022.11.06"]
[Round "4.4"]
[White "Loeffelbein, Klaus"]
[Black "Unteregge, Michael"]
[Result "1/2-1/2"]
[WhiteElo "2000"]
[BlackElo "2052"]
[PlyCount "45"]
[SourceDate "2022.10.02"]

1. d4 Nf6 2. Nf3 e6 3. c4 b6 4. g3 Ba6 5. b3 Bb4+ 6. Bd2 Be7 7. Bg2 c6 8. O-O
O-O 9. Qc2 d5 10. h3 Nbd7 11. Be3 Rc8 12. Nbd2 c5 13. dxc5 Bxc5 14. Bxc5 Nxc5
15. Qb2 dxc4 16. Nxc4 Bxc4 17. bxc4 Qc7 18. Rac1 Rfd8 19. Nd4 Qe5 20. Rfd1 Rd6
21. e3 a6 22. Qe2 Rcd8 23. Nc6 1/2-1/2